Online Catalogue and eLibrary

Mallikai Mukangal (Record no. 4241)

MARC details
000 -LEADER
fixed length control field 00407nam a2200145Ia 4500
005 - DATE AND TIME OF LATEST TRANSACTION
control field 20250306023238.0
008 - FIXED-LENGTH DATA ELEMENTS--GENERAL INFORMATION
fixed length control field 240331s9999 xx 000 0 und d
082 ## - DDC Classification
Item Number - Author Mark JEE
DDC Edition Number 2141
Class No. 920
100 ## - MAIN ENTRY--PERSONAL NAME
Personal name Jeeva, D
245 #0 - TITLE STATEMENT
Title Mallikai Mukangal
260 ## - PUBLICATION, DISTRIBUTION, ETC.
Place of publication, distribution, etc. Jaffna
Name of publisher, distributor, etc. Mallikai Panthal
Date of publication, distribution, etc. 1996
300 ## - PHYSICAL DESCRIPTION
Extent (e.g. Volumes, Pages etc.) 238 p.,
500 ## - GENERAL NOTE
General note A collection of 65 achievers who contributed to Sri Lankan Tamil literature.
942 ## - Koha item type (Biblio)
Koha item type Books in Stacks (Lending)
Holdings
Lost status Damaged status Collection code Home library Current library Shelving location Date acquired Full call number Accession Number Item type
    Lending WERC Library WERC Library Social Science Cupboard 03/31/2024 920 JEE 2141 Books in Stacks (Lending)

© WERC Library